[Event "BL2-S9798"]
[Site "Germany"]
[Date "1998.??.??"]
[Round "?.4"]
[White "Kraai, Jesse"]
[Black "Fahnenschmidt, Gerhard"]
[Result "1/2-1/2"]
[WhiteElo "2345"]
[BlackElo "2370"]

1.d4 Nf6 2.c4 e6 3.Nf3 b6 4.g3 Ba6 5.b3 c6 6.Bg2 Bb4+ 7.Bd2 Be7 8.Bc3 d5
9.Nbd2 O-O 10.O-O Nbd7 11.Re1 Rc8 12.e4 Bb7 13.Qe2 dxe4 14.Nxe4 c5 15.Nxf6+ Bxf6
16.Rad1 Qc7 17.Bb2 cxd4 18.Bxd4 Rfd8 19.Bxf6 Nxf6 20.Ne5 Bxg2 21.Kxg2 h6  1/2-1/2

[Event "BL2-N9798"]
[Site "Germany"]
[Date "1998.??.??"]
[Round "5.2"]
[White "Pieniazek, Artur"]
[Black "Breyther, Ruediger"]
[Result "1-0"]
[WhiteElo "2415"]
[BlackElo "2395"]

1.d4 Nf6 2.c4 e6 3.Nf3 b6 4.g3 Ba6 5.b3 Bb4+ 6.Bd2 Be7 7.Bg2 c6 8.Bc3 d5
9.Ne5 Nfd7 10.Nxd7 Nxd7 11.Nd2 O-O 12.O-O Rc8 13.e4 b5 14.Re1 dxc4 15.bxc4 bxc4
16.Qa4 Bb5 17.Qc2 Qc7 18.a4 Ba6 19.Bf1 c5 20.d5 exd5 21.exd5 Bf6 22.Bxc4 Bxc4
23.Nxc4 Bxc3 24.Qxc3 Rce8 25.Rxe8 Rxe8 26.Re1 Qd8 27.a5 g6 28.d6 Rxe1+ 29.Qxe1 Kf8
30.Qe4 Qf6 31.Qa8+ Kg7 32.Qxa7 Qe6 33.Qb7 Qxc4 34.Qxd7 Qd5 35.Qb5 Qxd6 36.a6 Qd1+
37.Qf1 Qa4 38.Qd3 f6 39.Qd6 c4 40.Qe7+ Kh6 41.Qf8+ Kg5 42.h4+ Kf5 43.Qc8+  1-0

[Event "NRW-Liga 9798"]
[Site "Germany"]
[Date "1998.??.??"]
[Round "7.2"]
[White "Reinartz, Georg"]
[Black "Steinbacher, Matthias"]
[Result "0-1"]
[WhiteElo "2260"]
[BlackElo "2345"]

1.d4 Nf6 2.c4 e6 3.Nf3 b6 4.g3 Ba6 5.Nbd2 Bb4 6.Qb3 c5 7.a3 Ba5 8.Bg2 Nc6
9.d5 Bxd2+ 10.Bxd2 exd5 11.cxd5 Ne7 12.Nh4 O-O 13.Qa4 Qc8 14.d6 Nc6 15.Nf5 Re8
16.e3 Bd3 17.Bxc6 Bxf5 18.Bg2 Be4 19.f3 Bc6 20.Qc2 Qb8 21.O-O Qxd6 22.e4 Qd4+
23.Kh1 Ba4 24.b3 Bxb3 25.Qxb3 Qxd2 26.Rad1 Qg5 27.Rfe1 d5 28.f4 Qh5 29.Bf3 Qh3
30.exd5 h5 31.Rxe8+ Rxe8 32.d6  0-1

[Event "NRW-Liga 9798"]
[Site "Germany"]
[Date "1998.??.??"]
[Round "9.2"]
[White "Reinartz, Georg"]
[Black "Matthias, Heiner"]
[Result "1-0"]
[WhiteElo "2260"]
[BlackElo "2355"]

1.d4 Nf6 2.c4 e6 3.Nf3 b6 4.g3 Ba6 5.b3 Bb4+ 6.Bd2 Be7 7.Bg2 c6 8.O-O d5
9.Ne5 Ne4 10.Bc1 O-O 11.Bb2 Qc7 12.Qc2 Nf6 13.Nd2 Nbd7 14.Nxd7 Qxd7 15.e4 Rac8
16.Rfd1 Rfd8 17.h3 Qe8 18.Rac1 c5 19.exd5 exd5 20.dxc5 Rxc5 21.Ba3 Rc7 22.Re1 dxc4
23.Nxc4 Rdd7 24.Bxe7 Rxe7 25.Rxe7 Qxe7 26.Qd2 Bxc4 27.bxc4 g6 28.Re1 Qd7
29.Qc3 Qd6 30.Qb3 Re7 31.Rd1 Qe5 32.Bd5 Kg7 33.Qf3 Qe2 34.Qb3 Re5 35.Bf3  1-0

[Event "BL2-N9798"]
[Site "Germany"]
[Date "1998.??.??"]
[Round "9.2"]
[White "Polak, Tomas"]
[Black "Breyther, Ruediger"]
[Result "1/2-1/2"]
[WhiteElo "2470"]
[BlackElo "2395"]

1.d4 Nf6 2.c4 e6 3.Nf3 b6 4.g3 Ba6 5.b3 Bb4+ 6.Bd2 Be7 7.Bg2 c6 8.Bc3 d5
9.Ne5 Ne4 10.O-O Nxc3 11.Nxc3 Bf6 12.cxd5 cxd5 13.f4 O-O 14.Rc1 Bxe5 15.dxe5 Nd7
16.Qd4 Rc8 17.Rfd1 Nb8 18.e4 dxe4 19.Qxd8 Rfxd8 20.Rxd8+ Rxd8 21.Nxe4 Rc8
22.Rd1 Kf8 23.b4 Be2 24.Rd2 Bb5 25.Kf2 Ba4 26.Ke3 Ke7 27.Nd6 Rc3+ 28.Rd3 Rxd3+
29.Kxd3 Bd7 30.Be4 h6 31.Bb7 f6 32.b5 fxe5 33.fxe5 Kd8 34.a4 Be8 35.Bc8 Bg6+
36.Kc4 Nd7 37.Bxd7 Kxd7 38.Kb4 Kc7 39.h4 Kd7 40.a5 Bd3 41.a6 Bf1 42.Kc3 Kd8
43.Kd2 Kd7 44.Ke3 Kd8 45.Kf4 Kd7 46.Kg4 Be2+ 47.Kf4 Bf1 48.g4 Be2 49.h5 Bf1
50.Kg3 Be2 51.Kh4 Kd8 52.g5 Kd7 53.g6 Kd8 54.Nf7+ Ke7 55.Nd6 Kd7 56.Nf7 Ke7
57.Nd6 Kd7 58.Nf7 Ke7  1/2-1/2

[Event "Gyongyos Matra Kupa"]
[Site "Gyongyos"]
[Date "1998.??.??"]
[Round "7"]
[White "Kiraly, Istvan"]
[Black "Juhasz, Bela"]
[Result "0-1"]
[WhiteElo "2170"]
[BlackElo "2235"]

1.d4 Nf6 2.c4 e6 3.Nf3 b6 4.g3 Ba6 5.Qc2 c5 6.Bg2 Bb7 7.O-O Nc6 8.Qd1 d6
9.Nc3 cxd4 10.Nxd4 Qd7 11.b3 Be7 12.Ba3 O-O 13.Rc1 Rfd8 14.h3 Nxd4 15.Qxd4 Bxg2
16.Kxg2 Qb7+ 17.Kh2 a6 18.Bb2 b5 19.Nb1 h6 20.Nd2 Rac8 21.e4 bxc4 22.Rxc4 d5
23.Rxc8 Qxc8 24.Rc1 Qb7 25.e5 Nd7 26.Rc3 Rc8 27.Rxc8+ Qxc8 28.Qc3 Qb7 29.Nf3 Nc5
30.Kg2 Ne4 31.Qa5 Qc8 32.Bd4 Kh7 33.a4 Qb7 34.Qb6 Qc8 35.b4 Qc4 36.b5 axb5
37.Qxb5 Qxb5 38.axb5 Nc5 39.Kf1 f6 40.Ke2 Kg6 41.g4 Kf7 42.h4 Nb7 43.Bb6 Ke8
44.h5 fxe5 45.Bc7 e4 46.Nd4 Kd7 47.Be5 Bf6 48.f4 exf3+ 49.Nxf3 Bxe5 50.Nxe5+ Kd6
51.Ng6 Kc5 52.Kd3 Kxb5 53.Kd4 Kc6 54.Ke5 Nd8 55.Nf8 Kc7 56.Nxe6+ Nxe6 57.Kxe6 d4
58.Kf7 d3 59.Kxg7 d2 60.g5 hxg5  0-1

[Event "Helsinki op1"]
[Site "Helsinki"]
[Date "1998.??.??"]
[Round "3"]
[White "Veingold, Aleksandr"]
[Black "Tsiganova, Monika"]
[Result "1-0"]
[WhiteElo "2475"]
[BlackElo "2305"]

1.d4 Nf6 2.Nf3 e6 3.c4 b6 4.g3 Ba6 5.Nbd2 d5 6.b3 Bb4 7.Bb2 Ne4 8.Bg2 c6
9.Rc1 Qe7 10.O-O O-O 11.Nxe4 dxe4 12.Nd2 f5 13.f3 e3 14.Nb1 f4 15.Nc3 Nd7
16.a3 Bd6 17.Ne4 g5 18.Nxd6 Qxd6 19.Qd3 Rad8 20.gxf4 gxf4 21.Bh3 Rf6 22.Kh1 Rh6
23.Rg1+ Kf8 24.Bg4 Nf6 25.Rg2 b5 26.d5 bxc4 27.bxc4 exd5 28.c5 Bxd3 29.cxd6 Bb5
30.Be5 Rg6 31.Bxf4 d4 32.a4 Nxg4 33.axb5 Nf2+ 34.Rxf2 exf2 35.bxc6 Rdxd6
36.Bxd6+ Rxd6 37.Kg2 Rd8 38.Kxf2 Rc8 39.f4 Ke7 40.Kf3 Kd6 41.Ke4  1-0

[Event "Helsinki op2"]
[Site "Helsinki"]
[Date "1998.??.??"]
[Round "4"]
[White "Sammalvuo, Tapani"]
[Black "Veingold, Aleksandr"]
[Result "1/2-1/2"]
[WhiteElo "2395"]
[BlackElo "2475"]

1.d4 Nf6 2.c4 e6 3.Nf3 b6 4.g3 Ba6 5.b3 Bb4+ 6.Bd2 Be7 7.Bg2 c6 8.Bc3 d5
9.Ne5 Nfd7 10.Nxd7 Nxd7 11.Nd2 O-O 12.O-O Rc8 13.e4 c5 14.exd5 exd5 15.dxc5 dxc4
16.c6 cxb3 17.Re1 b2 18.Bxb2 Nc5 19.Ba3 Re8 20.Nb3 Nd3 21.Bxe7 Rxe7 22.Re4 Rxe4
23.Bxe4 g6 24.Qf3 Ne5 25.Qc3 Qd6 26.Rc1 Nd3 27.Qd2 Re8 28.Bxd3 Qxd3 29.Qxd3 Bxd3
30.Rd1 Bc2 31.Rd6 Bxb3 32.axb3 Rc8 33.b4 a6 34.c7  1/2-1/2

[Event "HUN-chT9899"]
[Site "HUN"]
[Date "1998.??.??"]
[Round "?"]
[White "Sinkovics, Peter"]
[Black "Dobos, Jozsef"]
[Result "0-1"]
[WhiteElo "2370"]
[BlackElo "2385"]

1.d4 Nf6 2.Nf3 e6 3.c4 b6 4.g3 Ba6 5.b3 Bb4+ 6.Bd2 Be7 7.Bg2 c6 8.Nc3 d5
9.Ne5 Nfd7 10.Nxd7 Nxd7 11.cxd5 cxd5 12.O-O O-O 13.Rc1 Nf6 14.Rc2 Rc8 15.Qc1 Qd7
16.Qb2 Rfd8 17.Rfc1 h6 18.h4 Bd6 19.Bf3 Qe7 20.Rd1 Rc7 21.Nb1 Rxc2 22.Qxc2 Rc8
23.Qb2 Ne4 24.Be3 f5 25.Kg2 f4 26.Bxf4 Bxf4 27.gxf4 Qxh4 28.e3 Bb5 29.Na3 Be8
30.Rh1 Qf6 31.Rc1 Rxc1 32.Qxc1 Bg6 33.Nb5 Qh4 34.Qb2 Bf5 35.Kf1 Nxf2 36.Qxf2 Bd3+
37.Kg1 Qxf2+ 38.Kxf2 Bxb5 39.b4 Kf7 40.Bd1 Bd3 41.Kg3 Kf6 42.a3 g5 43.Kg4 h5+
44.Kg3 h4+ 45.Kf2 gxf4 46.exf4 Kf5  0-1

[Event "HUN-chT29899"]
[Site "HUN"]
[Date "1998.??.??"]
[Round "?"]
[White "Gyorkos, Lajos"]
[Black "Rigan, Jozsef"]
[Result "1-0"]
[WhiteElo "2435"]
[BlackElo "2200"]

1.d4 Nf6 2.c4 e6 3.Nf3 b6 4.g3 Ba6 5.b3 Bb7 6.Bg2 Be7 7.O-O O-O 8.Bb2 Re8
9.Nc3 d6 10.d5 e5 11.e4 Bc8 12.Ne1 a5 13.Nc2 Na6 14.Ne3 Bf8 15.a3 Bd7 16.Qc2 Qe7
17.Rae1 Reb8 18.f4 Ne8 19.Nf5 Qd8 20.Rf2 f6 21.Bc1 b5 22.cxb5 Bxb5 23.Nxb5 Rxb5
24.Bf1 Rbb8 25.Be3 g6 26.Nh4 exf4 27.gxf4 f5 28.Nf3 fxe4 29.Nd4 Nc5 30.Nc6 Qh4
31.Nxb8 Rxb8 32.Qc4 Nd7 33.Qxe4 Ng7 34.Qc4 Nf6 35.Bd2 Rb7 36.Rg2 Qh3 37.Rxg6 Qh4
38.Rg2 Qh5 39.Bc3 Qf7 40.Bd3 Rb8 41.Re6 Ne8 42.Qe4 Qh5 43.Rg5 Qd1+ 44.Kf2  1-0

[Event "HUN-chT2 9798"]
[Site "HUN"]
[Date "1998.??.??"]
[Round "?"]
[White "Szobi, Geza Jr"]
[Black "Sziraki, Tamas"]
[Result "0-1"]
[WhiteElo "2100"]
[BlackElo "2315"]

1.d4 Nf6 2.c4 e6 3.Nf3 b6 4.g3 Ba6 5.Qa4 Bb7 6.Bg2 c5 7.dxc5 bxc5 8.O-O Be7
9.Nc3 O-O 10.Qc2 Nc6 11.e4 d6 12.Rd1 Qb6 13.h3 Rfd8 14.b3 Nd7 15.Bb2 Nde5
16.Nxe5 dxe5 17.f3 Nd4 18.Qf2 Bc6 19.Ne2 a5 20.Bxd4 exd4 21.Rab1 a4 22.Nc1 axb3
23.axb3 Ra3 24.Kh2 Rda8 25.Qc2 Qb7 26.Rb2 Bd6 27.f4 Be7 28.e5 Ra1 29.Bxc6 Qxc6
30.Qg2 Qa6 31.Qf3 Qa3 32.Nd3 Rb8 33.Qf1 Ra2 34.Rdd2 Rxb2 35.Rxb2 Rxb3 36.Qb1 Rxb2+
37.Nxb2 Qb3 38.Kg2 h6 39.Kf2 Bd8 40.Kg2 Ba5  0-1

[Event "HUN-chT9899"]
[Site "HUN"]
[Date "1998.??.??"]
[Round "?"]
[White "Horvath, Jozsef"]
[Black "Orso, Miklos"]
[Result "1-0"]
[WhiteElo "2530"]
[BlackElo "2360"]

1.d4 Nf6 2.Nf3 e6 3.c4 b6 4.g3 Ba6 5.b3 d5 6.cxd5 exd5 7.Bg2 Nbd7 8.O-O Bd6
9.Nh4 g6 10.Bh6 Bf8 11.Qc1 c5 12.dxc5 Nxc5 13.Nc3 Rc8 14.Bxf8 Kxf8 15.Rd1 Qe7
16.Bxd5 Nxd5 17.Nxd5 Qe5 18.Nf3 Qg7 19.Qf4 Rc6 20.Qb8+ Bc8 21.Ne5 Na6 22.Nd7+ Ke8
23.N5f6+ Ke7 24.Qe5+ Re6 25.Nd5+  1-0

[Event "HUN-chT9899"]
[Site "HUN"]
[Date "1998.??.??"]
[Round "?"]
[White "Krizsany, Laszlo"]
[Black "Farago, Ivan"]
[Result "1/2-1/2"]
[WhiteElo "2410"]
[BlackElo "2475"]

1.d4 Nf6 2.c4 e6 3.Nf3 b6 4.g3 Ba6 5.b3 d5 6.cxd5 exd5 7.Bg2 Bd6 8.O-O O-O
9.Nc3 Re8 10.Re1 Nbd7 11.Bb2 Bb7 12.Rc1 a6 13.Rc2 Qe7 14.Nh4 Qe6 15.Qd3 Ne4
16.e3 Rad8 17.Qf1 f5 18.Bh3 Rf8 19.Nf3 g5 20.Bg2 Qg6 21.Ne5 Bxe5 22.dxe5 c5
23.f4 Qe6 24.Nxe4 dxe4 25.Rd1 Nb8 26.Rcd2 Bd5 27.fxg5 Nc6 28.Qxa6 Nb4 29.Qb5 Nd3
30.Bf1 c4 31.Bd4 cxb3 32.axb3 Bxb3 33.Bxd3 exd3 34.Rb1 Bc2 35.Qxb6 Qe7 36.Rb2 Qxg5
37.Rbxc2 dxc2 38.Rxc2 Rde8 39.Rc7 Rf7 40.Qb3 Qg6 41.Kf2  1/2-1/2

[Event "HUN-chT9899"]
[Site "HUN"]
[Date "1998.??.??"]
[Round "?"]
[White "Mann, Gerald"]
[Black "Sherzer, Alex"]
[Result "0-1"]
[WhiteElo "2250"]
[BlackElo "2470"]

1.d4 Nf6 2.c4 e6 3.Nf3 b6 4.g3 Ba6 5.b3 b5 6.cxb5 Bxb5 7.Nc3 Bb4 8.Bd2 Bc6
9.Bg2 O-O 10.O-O a5 11.a3 Be7 12.Qc2 Bb7 13.Bf4 Na6 14.e4 d5 15.e5 Nd7 16.Nb5 c5
17.Rfc1 Qb6 18.Bf1 Rac8 19.Qb2 f6 20.Rc2 cxd4 21.Rxc8 Rxc8 22.Nbxd4 Nac5
23.Rc1 Rf8 24.Bb5 fxe5 25.Nxe5 Nxe5 26.Bxe5 Bf6 27.Bxf6 Rxf6 28.Bf1 Ne4 29.Rc2 e5
30.Nb5 Ng5 31.a4 Nf3+ 32.Kh1 Rh6 33.h3 Qe6 34.h4 Qg4 35.Rc7 Rxh4+  0-1

[Event "HUN-chT9899"]
[Site "HUN"]
[Date "1998.??.??"]
[Round "?"]
[White "Peter, Ambrus"]
[Black "Sherzer, Alex"]
[Result "1-0"]
[WhiteElo "2405"]
[BlackElo "2470"]

1.d4 Nf6 2.c4 e6 3.Nf3 b6 4.g3 Ba6 5.b3 b5 6.cxb5 Bxb5 7.Bg2 Bc6 8.O-O Be7
9.Qc2 O-O 10.Nc3 a5 11.a3 Bb7 12.e4 d5 13.e5 Nfd7 14.Be3 c5 15.dxc5 Nc6 16.b4 axb4
17.axb4 Ndxe5 18.Nxe5 Nxe5 19.Rxa8 Bxa8 20.Rd1 Ng4 21.Bf4 g5 22.Bc1 Qb8 23.h3 Ne5
24.Qe2 Ng6 25.Nb5 Qb7 26.Bd2 Qa6 27.Bf1 Qb7 28.Bg2 Qa6 29.Bf3 Bb7 30.Bc3 e5
31.Ra1 Qe6 32.Bg2 Ba6 33.Rxa6 Qxa6 34.Bxd5 Kg7 35.Be4 f5 36.Bd5 Bf6 37.Bc4 e4
38.Nc7 Qa3 39.Ne6+ Kh6 40.Nxf8 Bxc3 41.Ne6 Ne5 42.b5 Nf3+ 43.Kg2 Qc1 44.Qf1 Ne1+
45.Kh1 e3 46.c6 exf2 47.c7 Qe3 48.Bd5 Qe5 49.Bb7 Qxg3 50.c8=Q  1-0

[Event "HUN-chT29899"]
[Site "HUN"]
[Date "1998.??.??"]
[Round "?"]
[White "Szobi, Geza Jr"]
[Black "Szabo, Zsolt Jozsef"]
[Result "0-1"]
[WhiteElo "2155"]
[BlackElo "2405"]

1.d4 Nf6 2.c4 e6 3.Nf3 b6 4.g3 Ba6 5.Qa4 Be7 6.Bg2 O-O 7.Nc3 Bb7 8.Qc2 c5
9.dxc5 Bxc5 10.O-O Nc6 11.a3 Rc8 12.Bg5 Be7 13.Rfd1 Na5 14.b3 a6 15.Rd4 Qc7
16.Rad1 d5 17.Bf4 Bd6 18.Bxd6 Qxd6 19.cxd5 Qxa3 20.dxe6 fxe6 21.Nd2 Bxg2
22.Kxg2 Qc5 23.Nc4 Nc6 24.Rh4 b5 25.Ne4 Nxe4 26.Qxe4 Rxf2+ 27.Kh1 Qf5 28.Qxf5 Rxf5
29.Nb2 Re5 30.Rd2 Na5 31.b4 Nb3 32.Nd3 Rd5 33.Rb2 Nd4 34.Nf4 Rdd8 35.Rg4 Rc4
36.Rg5 Rd6 37.Re5 Nc6 38.Rxe6 Rxe6 39.Nxe6 Nxb4 40.Kg2 a5 41.Nf4 a4 42.Nd3 a3
43.Rb1 a2 44.Ra1 Nxd3 45.exd3 Rc2+  0-1

[Event "HUN-chT 9798"]
[Site "Hungary"]
[Date "1998.??.??"]
[Round "?"]
[White "Mann, Gerald"]
[Black "Hardicsay, Peter"]
[Result "1/2-1/2"]
[WhiteElo "2280"]
[BlackElo "2355"]

1.d4 Nf6 2.c4 e6 3.Nf3 b6 4.g3 Ba6 5.b3 d5 6.cxd5 exd5 7.Bg2 Bb4+ 8.Bd2 Bd6
9.Nc3 O-O 10.Ne5 Bb7 11.Bg5 Bb4 12.Qd2 h6 13.Bxf6 Qxf6 14.a3 Bxc3 15.Qxc3 c5
16.Rd1 Rd8 17.Bf3 Na6 18.O-O cxd4 19.Qxd4 Nc5 20.b4 Ne6 21.Qb2 Rab8 22.Rd3 d4
23.Nc6 Bxc6 24.Bxc6 Rbc8 25.b5 Rd6 26.e3 Rcd8 27.Rfd1 g5 28.Qe2 Nc5 29.Rxd4 Rxd4
30.Rxd4 Rxd4 31.exd4 Qxd4 32.Qf3 Kg7 33.h3 Nd3 34.Qf5 Nc5 35.Kg2 Qc3 36.Bd5 Qf6
37.Qc2 Qe5 38.Qc4 Qf6 39.Bf3 Nd7 40.Bd5 Nc5 41.Qg4 Nd3 42.Qe2 Qd4 43.Be4  1/2-1/2

[Event "HUN-chT 9798"]
[Site "Hungary"]
[Date "1998.??.??"]
[Round "?"]
[White "Csiszar, Csaba"]
[Black "Sleisz, Tamas"]
[Result "0-1"]
[WhiteElo "2355"]
[BlackElo "2265"]

1.d4 Nf6 2.Nf3 e6 3.c4 b6 4.g3 Ba6 5.Qa4 Bb7 6.Bg2 c5 7.d5 exd5 8.cxd5 Bxd5
9.Nc3 Bc6 10.Qb3 d6 11.Ng5 Qd7 12.Nd5 h6 13.Nxf6+ gxf6 14.Bh3 Qe7 15.Nf3 Qe4
16.O-O h5 17.Bg2 Qe6 18.Qd1 d5 19.b4 Nd7 20.bxc5 bxc5 21.a4 Ne5 22.Ra3 Rb8
23.Bf4 Rb4 24.Bd2 Rc4 25.Bc3 Bd6 26.Nd2 Rg4 27.Bb2 h4 28.Re3 Kf8 29.h3 Rg7
30.Qb3 d4 31.Qxe6 fxe6 32.Rxe5 Bxe5 33.Bxc6 hxg3 34.f4 g2 35.Rf3 Bd6 36.Ne4 Ke7
37.Ba3 Rb8 38.Ng3 c4 39.Bxd6+ Kxd6 40.Bb5 c3 41.Ne4+ Ke7 42.Nxc3 dxc3 43.Rxc3 Kd6
44.e4 Rb6 45.Rd3+ Kc5 46.Rd2 a6 47.Be2 Rb1+ 48.Bd1 Kc6 49.Rc2+ Kd7  0-1

[Event "HUN-chT 9798"]
[Site "Hungary"]
[Date "1998.??.??"]
[Round "?"]
[White "Peter, Ambrus"]
[Black "Petran, Pal"]
[Result "1/2-1/2"]
[WhiteElo "2455"]
[BlackElo "2425"]

1.d4 Nf6 2.c4 e6 3.Nf3 b6 4.g3 Ba6 5.b3 Bb4+ 6.Bd2 Be7 7.Bg2 c6 8.Bc3 d5
9.Ne5 Nfd7 10.Nxd7 Nxd7 11.Nd2 O-O 12.O-O Nf6 13.e4 b5 14.Re1 dxe4 15.Qc2 Rc8
16.Rad1 Nd5 17.Bxe4 Nxc3 18.Qxc3 Bf6 19.Qc2 g6 20.Nf3 bxc4 21.bxc4 Qa5 22.c5 Rfd8
23.Qc1 Qa4 24.Re3 Bc4 25.Ra3 Qb4 26.Rxa7 Be2 27.Qf4 Qb8 28.Qxb8  1/2-1/2

[Event "HUN-chT 9798"]
[Site "Hungary"]
[Date "1998.??.??"]
[Round "?"]
[White "Kovacs, G."]
[Black "Mester, Gyula"]
[Result "0-1"]
[WhiteElo "2320"]
[BlackElo "2375"]

1.Nf3 Nf6 2.d4 e6 3.c4 b6 4.g3 Ba6 5.b3 Bb4+ 6.Bd2 Be7 7.Bg2 d5 8.cxd5 exd5
9.Nc3 O-O 10.O-O Ne4 11.Qc2 Nxd2 12.Qxd2 c6 13.Rac1 Nd7 14.Rfd1 Re8 15.Qc2 Nf6
16.Ne5 Rc8 17.Qf5 g6 18.Qf4 Ba3 19.Rc2 Bd6 20.Qg5 Kg7 21.Nd3 h6 22.Qc1 Qe7
23.e3 h5 24.Ne2 Ba3 25.Qd2 h4 26.Ne5 Qd6 27.f3 hxg3 28.hxg3 Rh8 29.Kf2 c5
30.Nd3 Rce8 31.Rh1 Rxh1 32.Bxh1 Qe7 33.Bg2 cxd4 34.Nxd4 Bd6 35.Nf4 Qe5 36.Nde2 g5
37.Nd3 Qf5 38.Nd4 Qxd3 39.Qxd3 Bxd3 40.Rc3 Bg6  0-1

[Event "HUN-chT 9798"]
[Site "Hungary"]
[Date "1998.??.??"]
[Round "?"]
[White "Krizsany, Laszlo"]
[Black "Lengyel, Levente"]
[Result "1/2-1/2"]
[WhiteElo "2435"]
[BlackElo "2330"]

1.d4 Nf6 2.c4 e6 3.Nf3 b6 4.g3 Ba6 5.b3 Bb7 6.Bg2 Bb4+ 7.Bd2 a5 8.O-O O-O
9.Qc2 d6 10.a3 Bxd2 11.Nbxd2 c5 12.Rfd1 Qe7 13.e4 e5 14.d5 g6 15.Ne1 h5 16.Nd3 h4
17.Rf1 hxg3 18.fxg3 Ng4 19.Rae1 Kg7 20.Nf3 Bc8 21.Qd2 Na6 22.h3 Nf6 23.Qg5 Ng8
24.Qe3 Bd7 25.a4  1/2-1/2

[Event "HUN-chT 9798"]
[Site "Hungary"]
[Date "1998.??.??"]
[Round "?"]
[White "Kustar, Sandor"]
[Black "Kiss, Attila"]
[Result "1/2-1/2"]
[WhiteElo "2380"]
[BlackElo "2425"]

1.Nf3 Nf6 2.c4 e6 3.d4 b6 4.g3 Ba6 5.Nbd2 Bb7 6.Bg2 c5 7.O-O cxd4 8.Nb3 Be7
9.Nbxd4 O-O 10.Nb5 d6 11.Bf4 Ne8 12.Qd3 Nc6 13.Rfe1 e5 14.Be3 a6 15.Nc3 Nf6
16.Ng5 Nb4 17.Qd2 Bxg2 18.Kxg2 Ng4 19.Nf3 Nxe3+ 20.fxe3 Rc8 21.b3 Re8 22.e4 Bf8
23.Rac1 h6 24.Qe3 Rb8 25.a3 Nc6 26.Nd5 Rb7 27.b4 Nb8 28.Nh4 Nd7 29.Rf1 Re6
30.Nf5 Nf6 31.Qf3 Nh7 32.Qd3 g6 33.Nfe3 h5 34.c5 bxc5 35.bxc5 dxc5 36.Nf6+ Qxf6
37.Rxf6 Nxf6 38.Nd5 Nxd5 39.exd5 Reb6 40.Qe3 Bd6 41.Qg5 Rb2 42.Qd8+ Bf8 43.Kf2 Kg7
44.Rd1 Be7 45.Qa8 R7b6 46.a4 Rf6+ 47.Ke3 Rb3+ 48.Rd3 Rb4 49.d6 Rxd6 50.Rxd6 Bxd6
51.Qxa6 Be7 52.Qc6 Bd8 53.Kd2 Ba5 54.Kc2 Rc4+ 55.Kb3 Rc3+ 56.Kb2 Bb4 57.Qe4 f6
58.Qb7+ Kh6 59.Qf7 Kg5 60.e4 c4  1/2-1/2

[Event "Zemplen Kupa op"]
[Site "Hungary"]
[Date "1998.??.??"]
[Round "3"]
[White "Suto, Gabor"]
[Black "Juhasz, Bela"]
[Result "1/2-1/2"]
[WhiteElo "2175"]
[BlackElo "2235"]

1.d4 Nf6 2.c4 e6 3.Nf3 b6 4.g3 Ba6 5.Qa4 Be7 6.Bg2 O-O 7.Ne5 c6 8.O-O Bb7
9.Nc3 d5 10.cxd5 cxd5 11.Bg5 Nfd7 12.Bxe7 Qxe7 13.Nxd7 Bc6 14.Qb3 Nxd7 15.Rfc1 Rac8
16.Rc2 Nf6 17.Rac1 Qd7 18.e3 h6 19.Bf1 Rfd8 20.Ba6 Bb7 21.Bb5 Qe7 22.Bd3 Ne8
23.Nb5 a6 24.Na7 Rxc2 25.Rxc2 Qd6 26.Qa3 Ra8 27.Nc6 Kf8 28.Qxd6+ Nxd6 29.Ne5 Ke8
30.Rc7 Rc8 31.Rd7 Rd8 32.Rc7 Rc8  1/2-1/2

[Event "Zemplen Kupa op"]
[Site "Hungary"]
[Date "1998.??.??"]
[Round "5"]
[White "Emodi, Barnabas"]
[Black "Juhasz, Bela"]
[Result "1-0"]
[WhiteElo "2400"]
[BlackElo "2235"]

1.d4 Nf6 2.c4 e6 3.Nf3 b6 4.g3 Ba6 5.b3 Bb4+ 6.Bd2 Be7 7.Bg2 c6 8.O-O O-O
9.Bc3 d5 10.Nbd2 Nbd7 11.Re1 Rc8 12.e4 dxe4 13.Nxe4 Nxe4 14.Rxe4 b5 15.c5 Nf6
16.Re1 Nd5 17.Bd2 Bf6 18.b4 Bb7 19.a3 Re8 20.Ne5 Qc7 21.Qc2 Rcd8 22.Rad1 a6
23.h4 Ra8 24.Be4 h6 25.Kg2 Re7 26.Qb3 Ree8 27.Bb1 Bxe5 28.dxe5 Rf8 29.Qd3 f5
30.exf6 Rxf6 31.Bc3 Nxc3 32.Qxc3 Raf8 33.Re2 Bc8 34.Rd6 Qf7 35.Qc2 Qh5 36.Qh7+ Kf7
37.Re3 Ke7 38.Rd2 Qg4 39.Be4 e5 40.Bc2 Qe6 41.Qxg7+ R8f7 42.Qh8 Rf8 43.Qh7+ R8f7
44.Qd3 Rf8 45.Bb3  1-0

[Event "ISL-chT 9798"]
[Site "Iceland"]
[Date "1998.??.??"]
[Round "?"]
[White "Petursson, Margeir"]
[Black "Stefansson, Hannes"]
[Result "1/2-1/2"]
[WhiteElo "2565"]
[BlackElo "2555"]

1.d4 Nf6 2.c4 e6 3.Nf3 b6 4.g3 Ba6 5.b3 d5 6.cxd5 exd5 7.Bg2 Bb4+ 8.Bd2 Be7
9.O-O O-O 10.Nc3 Bb7 11.Ne5 Na6 12.Bf4 Re8 13.Rc1 h6 14.Qd3 Ba3 15.Rcd1 Bf8
16.h3 c5 17.g4 Nc7 18.Bg3 Qc8 19.Rc1 Ne4 20.Bxe4 dxe4 21.Qc2 Ne6 22.dxc5 bxc5
23.Nxe4 Bxe4 24.Qxe4 Nd4 25.Qd3 Bd6 26.e3 Bxe5 27.exd4 Bxd4 28.b4 Qd8 29.Rfd1 Re1+
30.Kh2 Rxd1 31.Rxd1 Qb6 32.bxc5  1/2-1/2

[Event "Jarvenpaa We JarvSK"]
[Site "Jarvanpaa"]
[Date "1998.??.??"]
[Round "4"]
[White "Keskisarja, Teemu"]
[Black "Veingold, Aleksandr"]
[Result "1/2-1/2"]
[WhiteElo "2290"]
[BlackElo "2475"]

1.d4 Nf6 2.Nf3 e6 3.c4 b6 4.g3 Ba6 5.b3 Bb4+ 6.Bd2 Be7 7.Bg2 c6 8.Bc3 d5
9.Nbd2 Nbd7 10.O-O O-O 11.Re1 c5 12.e4 dxe4 13.Nxe4 Bb7 14.Nfg5 Nxe4 15.Nxe4 cxd4
16.Qxd4 e5 17.Qd3 Qc7 18.Rad1 Rad8 19.Qe2 f5 20.Nd2 e4 21.f3 Bc5+ 22.Kh1 e3
23.Nf1 f4 24.gxf4 Qxf4 25.b4 Be7 26.Qxe3 Bh4 27.Qe6+ Qf7 28.Qxf7+ Rxf7 29.Re3 Rc8
30.Red3 Nf8 31.Nd2 Ng6 32.Ne4 Bxe4 33.fxe4 Nf4 34.Rd4 Nxg2 35.Kxg2 Rf2+ 36.Kh3 Bf6
37.e5 Rf3+ 38.Kg2 Rxc3 39.exf6 R3xc4 40.Rd8+ Rxd8 41.Rxd8+ Kf7 42.fxg7 Kxg7
43.Rd7+ Kg6 44.Rxa7 Rxb4 45.a4  1/2-1/2

[Event "Karvina op"]
[Site "Karvina"]
[Date "1998.??.??"]
[Round "?"]
[White "Belunek, Vladimir"]
[Black "Veselovsky, Sergey"]
[Result "1/2-1/2"]
[WhiteElo "2240"]
[BlackElo "2435"]

1.d4 Nf6 2.c4 e6 3.Nf3 b6 4.g3 Ba6 5.Qc2 c5 6.Bg2 Bb7 7.dxc5 bxc5 8.O-O Be7
9.Nc3 O-O 10.e4 d6 11.Rd1 Qb6 12.h3 Nc6 13.Be3 Nd7 14.b3 Rfd8 15.Rac1 Nde5
16.Ne1 Nd7 17.Qd2 a6 18.Nc2 Qc7 19.f4  1/2-1/2

[Event "Korinthos op"]
[Site "Korinthos"]
[Date "1998.??.??"]
[Round "6"]
[White "Bagaturov, Giorgi"]
[Black "Mastrovasilis, Athanasios"]
[Result "0-1"]
[WhiteElo "2535"]
[BlackElo "2320"]

1.d4 Nf6 2.Nf3 e6 3.c4 b6 4.g3 Ba6 5.Nbd2 c5 6.Bg2 Nc6 7.e4 cxd4 8.e5 Ng4
9.O-O Bc5 10.a3 Ne3 11.fxe3 dxe3 12.Kh1 exd2 13.Nxd2 Qc7 14.Ne4 O-O 15.Nf6+ gxf6
16.exf6 Kh8 17.Bf4 Qd8 18.Bh6 Rg8 19.Qh5 Bf8 20.Be4 Rg6 21.Bg7+ Kg8 22.Bxg6 fxg6
23.Qh6 Ne5 24.f7+ Nxf7 25.Rxf7 Bb7+ 26.Kg1 Bc5+ 27.Rf2 Qe7 28.Bc3 Rf8 29.Rf1 Qf7
30.h4 d6 31.Kh2 Bxf2 32.Bd4 Bg1+ 33.Rxg1 e5 34.Be3 Qf3 35.h5 Qe2+ 36.Kh3 Bc8+
37.g4 Rf3+ 38.Kh4 Qxe3 39.Qxe3 Rxe3 40.hxg6 hxg6 41.Kg5 Kg7 42.Rd1 Re4  0-1

[Event "Korinthos op"]
[Site "Korinthos"]
[Date "1998.??.??"]
[Round "9"]
[White "Belakovskaia, Anjelina"]
[Black "Mastrovasilis, Athanasios"]
[Result "1/2-1/2"]
[WhiteElo "2385"]
[BlackElo "2320"]

1.d4 Nf6 2.c4 e6 3.Nf3 b6 4.g3 Ba6 5.b3 b5 6.cxb5 Bxb5 7.Bg2 Bb4+ 8.Bd2 a5
9.Bxb4 axb4 10.Qd2 Nc6 11.Qg5 Ra5 12.Qxg7 Ke7 13.Qh6 Qa8 14.Qd2 Ne4 15.Qb2 d5
16.Ne5 Nxe5 17.dxe5 Qa6 18.Bxe4 dxe4 19.O-O Bxe2 20.Re1 Bf3 21.Nd2 Rd8 22.Nxf3 exf3
23.Qc1 Rad5 24.Qg5+ Kd7 25.Qf4 Rd3 26.Qxf7+ Kc8 27.Rac1 Qb6 28.h4 R8d4 29.Re3 Rxe3
30.fxe3 Rd3 31.Qxf3 Rxe3 32.Qa8+ Kd7 33.Kg2 Re2+ 34.Kh3 Rd2 35.Qf8 Rd5 36.Qf7+ Kc8
37.Qxh7 Kb7 38.Qe4 c5 39.Rf1 Qc7 40.Re1 Kb6 41.Qf4 Rd4 42.Qf6 Qc6 43.h5 Rd2
44.Rg1 Qe4 45.Qxe6+ Ka5 46.Qf7 Qe2 47.Rf1 Qg2+ 48.Kg4 Qe2+ 49.Kh3 Qg2+ 50.Kg4 Qe2+  1/2-1/2

[Event "RUS-Cup"]
[Site "Krasnodar"]
[Date "1998.??.??"]
[Round "1"]
[White "Fomichenko, E."]
[Black "Brodsky, Michail"]
[Result "1/2-1/2"]
[WhiteElo "2310"]
[BlackElo "2545"]

1.Nf3 Nf6 2.c4 e6 3.d4 b6 4.g3 Ba6 5.b3 Bb4+ 6.Bd2 Be7 7.Bg2 d5 8.Ne5 O-O
9.O-O Bb7 10.Nc3 Nbd7 11.Bf4 c5 12.cxd5 Nxd5 13.Nxd5 exd5 14.Rc1 Re8 15.Qd3 Nxe5
16.Bxe5 Qd7 17.Rc2 Rac8 18.dxc5 Rxc5 19.Rxc5 bxc5 20.Rd1 Bf8 21.Bb2 Rd8 22.e3 h6  1/2-1/2

[Event "RUS-Cup"]
[Site "Krasnodar"]
[Date "1998.??.??"]
[Round "3"]
[White "Tregubov, Pavel V"]
[Black "Kalugin, Sergei"]
[Result "0-1"]
[WhiteElo "2560"]
[BlackElo "2240"]

1.d4 Nf6 2.c4 e6 3.Nf3 b6 4.g3 Ba6 5.Nbd2 d5 6.cxd5 exd5 7.Bg2 Bd6 8.Ne5 O-O
9.O-O Qe8 10.Ndc4 dxc4 11.Bxa8 c6 12.e4 Bxe5 13.dxe5 Qxe5 14.Re1 Qe6 15.Qa4 Nfd7
16.Qa3 Nc5 17.b4 Nd3 18.Bf4 Nxe1 19.Rxe1 b5 20.Qe3 Qc8 21.Bxb8 Qxb8 22.Bxc6 Qd6
23.Bd5 Qxb4 24.Rc1 Qb2 25.Qe1 Qa3 26.Rb1 Rc8 27.e5 Qc5 28.Qe4 Re8 29.Rd1 Qc7
30.Bc6 Rd8 31.Rxd8+ Qxd8 32.e6 fxe6 33.Qxe6+ Kh8 34.Be4 Bc8 35.Qe5 Bd7 36.Qd4 Qe7
37.Qxa7 Qxe4 38.Qxd7 h6  0-1